000 00444nam a2200145Ia 4500
003 GCL
008 140319s9999 xx 000 0 ara d
040 _aGCL /
_cGCL
082 0 4 _a920.22
_bو ر
100 1 _aسامى خشبة(مترجم)
245 1 0 _aرحلة نحو البداية: ترجمة ذاتية ذهنية /
_cسامى خشبة(مترجم)
700 1 _aولسون ، كولن
700 1 _aسامى خشبة
490 _aكتاب
_v0
999 _c41159
_d41159